Report of the Court of Inquiry constituted under Punjab act II of 1954 to enquire into the Punjab disturbances of 1953 commonly known as Munir Inquiry Report (Record no. 606790)
[ view plain ]
| 000 -LEADER | |
|---|---|
| fixed length control field | 00551nam a22001337a 4500 |
| 082 ## - DEWEY DECIMAL CLASSIFICATION NUMBER | |
| Classification number | 322.10954914 |
| Author Mark | REP |
| 100 ## - MAIN ENTRY--PERSONAL NAME | |
| Personal name | Punjab (Pakistan). Court of Inquiry; |
| 245 ## - TITLE STATEMENT | |
| Title | Report of the Court of Inquiry constituted under Punjab act II of 1954 to enquire into the Punjab disturbances of 1953 commonly known as Munir Inquiry Report |
| Statement of responsibility, etc. | Punjab (Pakistan). Court of Inquiry; |
| 260 ## - PUBLICATION, DISTRIBUTION, ETC. | |
| Place of publication, distribution, etc. | Lahore: |
| Name of publisher, distributor, etc. | Niazamana publications; |
| Date of publication, distribution, etc. | 2007. |
| 300 ## - PHYSICAL DESCRIPTION | |
| Extent | 574p. |
| 563 ## - BINDING INFORMATION | |
| Binding note | HB |
| 650 ## - SUBJECT ADDED ENTRY--TOPICAL TERM | |
| Topical term or geographic name entry element | Pakistan--Punjab |
| -- | Politics and government |
| 942 ## - ADDED ENTRY ELEMENTS (KOHA) | |
| Source of classification or shelving scheme | |
| Koha item type | Book |
| 650 ## - SUBJECT ADDED ENTRY--TOPICAL TERM | |
| -- | 118596 |
| Withdrawn status | Lost status | Source of classification or shelving scheme | Materials specified (bound volume or other part) | Damaged status | Not for loan | Permanent Location | Current Location | Date acquired | Source of acquisition | Total Checkouts | Full call number | Barcode | Date last seen | Price effective from | Koha item type |
|---|---|---|---|---|---|---|---|---|---|---|---|---|---|---|---|
| Donation | Central Library (CL) | Central Library (CL) | 11/05/2023 | Donation | 322.10954914 REP | CL-D-2523 | 11/05/2023 | 11/05/2023 | Book |
